000 00518nam a2200205Ia 4500
003 GCL
008 140319s9999 xx 000 0 eng d
040 _aGCL /
_cGCL
082 0 4 _a759
_bW G
100 1 _aWADLEY, NICHOLAS
245 1 0 _aGAUGUIN /
_cWADLEY, NICHOLAS
260 _a[S.N] :
_bTIGER BOOKS INTERNATIONAL ،
_c1988
300 _a64 P
490 _aCOLLECTOR'S ART EDITIONS
_v0
650 0 4 _aالرسم الزخرفى
650 0 4 _aARTS
650 0 4 _aPAINTING
650 0 4 _aGAUGUIN
942 _2ddc
_cBK
999 _c20762
_d20762